00678nam a2200229 a 4500001001300000003000900013005001700022008004100039020001000080082001800090245003800108260004600146300000800192500003500200505001000235650002400245710003000269902000800299942000700307952011900314999001500433nice12345678IN_TiNIC20260116012632.0050524s1977 thaa grp 000 0 eng  ac10000a291.172bWCC1 aInside Outb a Style for Dialogue aThailandbWorld Council of Churchesc1977 a75p aincludes index and biblioraphy2 aIndex aInterfaith Dialogue2 aWorld Council of Churches bSRS cBK 001040708StackRoom-aHMIbHMId2007-07-18g100.00l0o291.172 WCC1p011442r2007-07-18v100.00w2005-05-24yBK c7746d7746